000 00965cab a2200277 4500
001 ABS58719
008 090401t1998 xxu||||| |||| 00| 0 eng d
035 _a(Sirsi) u86641
041 _aeng
100 _aMartin, J.
245 _aOverriding the highway
260 _c1998
350 _a0
490 _aEstates Gazette
_v(9821) 23 May 1998, 159-160(2)
520 _aReviews the decision in "R v Cardiff CC ex parte Sears Group Properties Ltd", which suggests that once a planning authority has permitted a scheme, it will be difficult for the highway authority to stop it.
650 _aHIGHWAY AUTHORITIES
650 _aPLANNING ISSUES
650 _aPLANNING OBJECTIONS
650 _aPLANNING PERMISSION
650 _aR V CARDIFF CITY COUNCIL EX P SEARS GROUP PROPERTIES LTD
650 _aR V WARWICKSHIRE CC EX P POWERGEN PLC
690 _aHIGHWAYS RIGHTS OF WAY AND EASEMENTS
700 _aEdwards, M.
942 _n0
948 _c08/06/1998
999 _c54560
_d54560